MARC

LEADER 00000cam a2200000 7i4500
001 0000017111
005 20071119.0
040 |a INS 
090 0 0 |a S206 
110 2 |a National Heritage Act 2005   |k 2006   |c Kuala Lumpur 
245 1 0 |a [Papers presented at National Heritage Act 2005 held at Cititel Mid Valley, kuala Lumpur on 29th August 2006] 
260 |a 2006 
300 |a 1 v.[Various pagings] :   |b ill ;   |c 30cm. 
500 |a Organised by The Institution of Surveyors, Malaysia in collaboration with The Royal Institution of Chartered Surveyors and National Institute of Valuation 
500 |a Unpublished 
650 0 0 |a Cultural property   |x Law and legislation   |x Criminal provisionszMalaysia   |x Congresses 
650 0 0 |a Cultural property   |x Law and legislation   |z Malaysia   |x Congresses 
650 0 0 |a Cultural property   |x protection   |x Law and legislation   |z Malaysia   |x Congresses 
710 1 |a National Institute of Valuation 
710 1 |a The Institution of Surveyors Malaysia 
710 1 |a The Royal Institution of Chartered Surveyors 
856 |u http://app.inspen.gov.my:7779/pls/portal/docs/PAGE/CORPORATEPAGES/PORTAL_INSPEN/NOTA_KURSUS/S/THE%20INSTITUTION%20OF%20SURVEYORS%20MALAYSIA%20%2C%20NATIONAL%20HERITAGE%20ACT%202005.PDF 
999 |a S000000365   |b BOOK   |c Seminar   |e Default branch 
999 |a S000000366   |b BOOK   |c Seminar   |e Default branch 
999 |a S000000369   |b BOOK   |c Seminar   |e Default branch 
999 |a S000000393   |b BOOK   |c Course Notes   |e Default branch 
999 |a S000000880   |b BOOK   |c Seminar   |e Default branch